| 000 | 01237cam a2200337 i 4500 | ||
|---|---|---|---|
| 001 | 20978 | ||
| 003 | Mx-PuUPA | ||
| 005 | 20250721134415.0 | ||
| 008 | 140415s1991 mx r 000 0 spa d | ||
| 020 | _a9789682442445 | ||
| 040 |
_aMx-PuUPA _bspa _cMx-PuUPA _dMx-PuUPA _erda |
||
| 041 | 0 | _aspa | |
| 100 | 1 |
_aCárdenas Tabares, Fabio, _eautor _99729 |
|
| 245 | 1 | 0 |
_aMercadotecnia y productividad turística / _cFabio Cárdenas Tabares |
| 250 | _aPrimera edición | ||
| 264 | 1 |
_aMéxico, D.F. : _bEditorial Trillas, _c©1991 |
|
| 300 |
_a73 páginas ; _c24 cm |
||
| 336 |
_2rdacontent _atexto _btxt |
||
| 337 |
_2rdamedia _asin medio _bn |
||
| 338 |
_2rdacarrier _avolumen _bnc |
||
| 490 | 0 | _aTrillas turismo | |
| 500 | _a"Productividad en el rubro de alimentos y bebidas ; Diversificación de la demanda turística ; Ventas en el sector turístico". -- Cubierta | ||
| 545 | 1 | _aReimpresión: (2011). | |
| 650 | 7 |
_aTurismo _2armarc |
|
| 650 | 7 |
_aMercadotecnia _xAdministración _2armarc |
|
| 650 | 7 |
_aPlaneamiento _2armarc |
|
| 942 |
_2ddc _cLI _h380.1459104 _iC257 |
||
| 999 |
_c20978 _d20978 |
||